Conferencia. Programa de labores y presupuesto para 1970-71, que presenta el director a la conferencia abril 1969 /

Guardado en:
Autor Corporativo: Organización de las Naciones Unidas para la agricultura y la alimentación
Formato: Libro
Idioma:Spanish
Publicado: Roma, 1969.
Etiquetas: Agregar Etiqueta
Sin Etiquetas, Sea el primero en etiquetar este registro!
LEADER 00619nam a22001455a 4500
001 EUN.um039921
003 AR-BaUNS
005 20050623122911.0
008 041125s1969####it############000#0#spa#d
245 1 0 |a Conferencia. Programa de labores y presupuesto para 1970-71, que presenta el director a la conferencia abril 1969 /  |c Organización de las Naciones Unidas para la agricultura y la alimentación. 
260 |a Roma,  |c 1969. 
300 |a 380 p. 
082 0 4 |a 630.61 
110 2 |a Organización de las Naciones Unidas para la agricultura y la alimentación  |c Roma. 
859 |a Ar-BaUNS  |b BIB. CENTRAL - Sector C  |h 630.6l  |i Or14-2  |p 52918/969  |v C3